| 000 | 01509nam0a22003011 4500 | ||
|---|---|---|---|
| 001 | rc\32000 | ||
| 005 | 20260407125652.0 | ||
| 035 | _a(NLR Aleph) 005317017 | ||
| 090 |
_a6447134 _c6447134 |
||
| 100 | _a20021216d1994 |||y0rusy50 ca | ||
| 101 | 0 | _arus | |
| 102 | _aRU | ||
| 105 | _ay z|||||||| | ||
| 200 | 1 |
_aИсследование операций (модели, системы, решения) _e(модели, системы, решения) _e[сборник статей] _fРоссийская академия наук. Вычислительный центр _g[ответственный редактор доктор физико-математических наук Ю.П. Иванилов] |
|
| 210 |
_aМосква _cВЦ РАН _d1994 |
||
| 215 |
_a87 с. _d20 |
||
| 320 | _aБиблиогр. в конце статей | ||
| 606 |
_aОперации _jСборники _xИсследование _xМатематическая теория _9909208 _3RU\NLR\AUTH\66331690 |
||
| 606 | 1 |
_aИсследование операций _jСборники _92088559 _3RU\NLR\AUTH\661264364 |
|
| 686 | 1 | _aВ175я43 | |
| 702 | 1 |
_aИванилов _bЮ. П. _gЮрий Павлович _4340 |
|
| 712 | 0 | 2 |
_4475 _aРоссийская академия наук _bВычислительный центр им. А. А. Дородницына _3RU\NLR\AUTH\889969947 _9436158 |
| 801 | 0 |
_aRU _bNLR _gpsbo |
|
| 801 | 1 |
_aRU _bELAR _2rusmarc |
|
| 852 |
_aNLR _j94-4/6423 |
||
| 942 | _cBOOK | ||
| 980 | _aNB | ||